00561nam a22001697a 450000500170000001000150001702000260003203500140005803700130007208200160008510000190010124500760012025000060019626000570020227001050025930000270036420240215173940.0 aENG-139307 a9789390394586c850.00 aEN-122839 bDBAD/PUB a658.403323 aEvans, James R aBusiness Analytics bMethods, Models and Decisions/cBy James R Evans, a3 aUttar PradeshbPearson India Education Pvt Ltdc2023 bUttar Pradesha15th FLoor, Tower-B, World Trade Tower, Plot No.1, Block- C, Sector-16, Noidae201301 a704p.c25cm(pb)bIndex